00991nam a2200253 a 4500003000500000005001700005008004100022010001000063011001000073020001500083035001100098040000900109082001500118111022800133245011100361260005900472300001000531650002600541650002900567650002900596700004200625700003500667700003500702CHAP20220329143122.0060517d1999 mx r 10100 spa d a92193 a93165 a9688392731 a103737 cCHAP04a332.67bT32 aTaller de Análisis y Evaluación de Experiencias de Proyectos de Desarrollo Rural en el Periodo de Vinculación con Programas Estatales: Limitaciones, Retos, Oportunidades y Recomentacionesd(1999 :cMontecillo, Méx.)10aMemoriac/ed. por Aníbal Quispe Limaylla, Oscar Luis Figueroa Rodríguez y Leobardo Jiménez Sánchez aMontecillo, Méx. :bColegio de Postgraduados,c1999. a88 p.14aDesarrollo ruraleed.14aProyectos de desarrollo.14aProyectosxEvaluación.0 aFigueroa Rodríguez, Oscar Luiseed.0 aJiménez Sánchez, Leobardo.0 aQuispe Limaylla, Aníbaleed.